Acteurs français par images - Statistiques

Statistiques générales
  • Ce quiz a été pris 102 fois
  • Le résultat moyen est 21 sur 39
Statistiques - réponses
Par images Hint Réponse % Correct
1978 Omar Sy
97%
1958 Alain Chabat
93%
1975 Jamel Debbouze
93%
1972 Jean Dujardin
92%
1989 Pierre Niney
92%
1964 Kad Merad
91%
1963 Franck Dubosc
90%
1966 Vincent Cassel
86%
1959 Didier Bourdon
83%
1955 François Cluzet
80%
1973 Guillaume Canet
80%
1990 François Civil
76%
1967 Jean-Paul Rouve
74%
1976 Jérôme Commandeur
74%
1980 Philippe Lacheau
72%
1977 Fabrice Eboué
68%
1968 Clovis Cornillac
66%
1974 Alexandre Astier
59%
1991 Raphaël Quenard
59%
1961 Samy Naceri
59%
1985 Baptiste Lecaplain
52%
1979 Tarek Boudali
52%
1987 Vincent Dedienne
48%
1970 Bruno Salomone
46%
1984 Pio Marmaï
45%
1983 Louis Garrel
41%
1957 Christophe Lambert
40%
1993 Rayane Bensetti
40%
1981 Tahar Rahim
40%
1965 Roschdy Zem
37%
1971 Vincent Elbaz
32%
1969 Maurice Barthélemy
28%
1956 Didier Bénureau
16%
1960 Stéphane Freiss
16%
1982 David Mora
8%
1962 Thierry Frémont
8%
1988 Marwan Berreni
5%
1986 Stanley Weber
2%
1992 Anthony Sonigo
1%
Aucun quiz correspondant
Distribution des résultats
% des personnes avec chaque résultat
Percentile par nombre de réponses
Votre historique - résultats
Vous n’avez pas pris ce quiz